[Event "Veletrzni turnaj 2020"]
[Site "Brno"]
[Date "2020.08.26"]
[Round "5.8"]
[White "Pokladnik, Martin"]
[Black "Neduchal, Jiri"]
[Result "1/2-1/2"]
[WhiteElo "2001"]
[BlackElo "1749"]
[PlyCount "49"]
[EventDate "2020.08.23"]

1. e4 c6 2. d4 d5 3. exd5 cxd5 4. Bd3 Nc6 5. c3 Nf6 6. Nf3 Bg4 7. O-O e6 8. Re1
Qc7 9. h3 Bh5 10. Bg5 Be7 11. Nbd2 O-O 12. Qe2 a6 13. Qe3 Bg6 14. Bxg6 hxg6 15.
Bxf6 Bxf6 16. a4 b5 17. Ne5 Nxe5 18. dxe5 Be7 19. Qd3 b4 20. cxb4 Bxb4 21. Re3
Rfc8 22. Nb3 Qc2 23. Qe2 Qxe2 24. Rxe2 Rc4 25. Rc1 1/2-1/2

[Event "Veletrzni turnaj 2020"]
[Site "Brno"]
[Date "2020.08.26"]
[Round "5.9"]
[White "Snorek, Milan"]
[Black "Pelikan, Jaromir"]
[Result "0-1"]
[WhiteElo "1963"]
[BlackElo "1788"]
[PlyCount "126"]
[EventDate "2020.08.23"]

1. Nf3 Nf6 2. c4 d5 3. cxd5 Nxd5 4. e4 Nb6 5. d4 g6 6. Be2 Bg7 {0,93} 7. O-O
O-O 8. Nc3 Nc6 9. d5 Ne5 10. Nxe5 Bxe5 11. Bh6 Re8 12. f4 Bh8 {0,95} 13. a4 a5
14. Qb3 (14. Qc2) 14... e6 15. Rad1 (15. Bb5 {0,44}) 15... exd5 16. exd5 (16.
e5 {0,03}) 16... Bf5 17. Bg5 (17. Rf2 {-0,40}) 17... Qd6 18. Bb5 Re3 {-0,95}
19. Rde1 Rxe1 20. Rxe1 Qc5+ 21. Kh1 Bxc3 22. Qxc3 Qxc3 23. bxc3 Nxd5 24. Bc4
Nxc3 {-0,59} 25. Re7 Rd8 26. Bxf7+ Kf8 27. Bb3 Rd7 28. Re3 Ne4 29. Bh6+ Ke8 30.
Kg1 Kd8 (30... Re7 {-0,92}) 31. h3 (31. g4 Bxg4 32. Rxe4 {1,36}) 31... Rd4 32.
g4 Bd7 33. Bg7 (33. Bg8 {-0,53}) 33... Rb4 34. Bf8 Nd6 35. Bg8 Rxf4 36. Be7+
Kc8 37. Bxh7 Rxa4 38. Bxg6 (38. Kh2 {-0,905}) 38... Bxg4 {-1,45} 39. Kh2 Ra2+
40. Kg1 Bf5 41. Bxd6 Bxg6 42. Rc3 Rc2 43. Be5 Rxc3 44. Bxc3 a4 45. Bb4 b6 46.
Kf2 Kd7 47. Ke3 Kc6 48. Kd4 Kb5 49. Be7 c5+ 50. Kc3 {-3,53} Kc6 51. Bd8 b5 52.
Ba5 Bf7 53. h4 Kd5 54. Bd8 b4+ 55. Kb2 Kc4 56. Bf6 Kd3 57. Be7 Kc4 58. Bf6 Kb5
59. Kc2 c4 60. Be5 a3 61. Bd4 b3+ 62. Kb1 Bg6+ 63. Ka1 b2+ 0-1

[Event "Veletrzni turnaj 2020"]
[Site "Brno"]
[Date "2020.08.26"]
[Round "5.10"]
[White "Dvoracek, Jan Matyas"]
[Black "Sikora, Lukas"]
[Result "1/2-1/2"]
[WhiteElo "1761"]
[BlackElo "1946"]
[PlyCount "87"]
[EventDate "2020.08.23"]

1. e4 e6 2. d4 d5 3. Nd2 c5 4. exd5 exd5 5. Ngf3 Nc6 6. Bb5 Bd6 7. O-O Nge7 8.
dxc5 Bxc5 9. Nb3 Bb6 10. c3 O-O 11. Bd3 Bf5 12. Bf4 Qd7 13. Qd2 Bxd3 14. Qxd3
Rad8 15. Rad1 Qg4 16. Be3 Bxe3 17. Qxe3 Nf5 18. Qc5 Qc4 19. Rfe1 Qxc5 20. Nxc5
b6 21. Nb3 f6 22. Re6 Rd6 23. Rxd6 Nxd6 24. Rxd5 Nc4 25. Nbd4 Nxd4 26. Nxd4 Re8
27. g3 Nxb2 28. Rd7 a5 29. Nf5 Re5 30. Nxg7 Na4 31. c4 Nc3 32. f4 Rc5 33. Ne8
Rc6 34. Rd2 Ne4 35. Rd4 f5 36. g4 Rc8 37. Nd6 Nxd6 38. Rxd6 Rxc4 39. Rxb6 fxg4
40. Rb5 Ra4 41. Rg5+ Kf7 42. Rxg4 Rxa2 43. Rg5 a4 44. Ra5 1/2-1/2

[Event "Veletrzni turnaj 2020"]
[Site "Brno"]
[Date "2020.08.26"]
[Round "5.11"]
[White "Rehurek, Karel"]
[Black "Marsa, Alexandr"]
[Result "1/2-1/2"]
[WhiteElo "1755"]
[BlackElo "1871"]
[PlyCount "66"]
[EventDate "2020.08.23"]

1. e4 e6 2. d4 d5 3. exd5 exd5 4. Nf3 Nf6 5. Bd3 Bd6 6. O-O O-O 7. h3 Ne4 8.
Nc3 Nxc3 9. bxc3 Nd7 10. c4 c6 11. c5 Be7 12. Bf4 b6 13. cxb6 axb6 14. Re1 Re8
15. Re2 Ba6 16. a4 Bxd3 17. Qxd3 Bb4 18. Ne5 Nxe5 19. Rxe5 f6 20. Rxe8+ Qxe8
21. Qb3 Ba5 22. Be3 Qe6 23. Rc1 Rc8 24. c4 dxc4 25. Qxc4 Qxc4 26. Rxc4 Kf7 27.
Kf1 Ke6 28. Ke2 Kd5 29. Kd3 h5 30. g4 hxg4 31. hxg4 Rh8 32. Rc1 Rh4 33. Rg1 g6
1/2-1/2

[Event "Veletrzni turnaj 2020"]
[Site "Brno"]
[Date "2020.08.26"]
[Round "5.12"]
[White "Lisik, Miroslav"]
[Black "Tajovsky, Matej"]
[Result "0-1"]
[WhiteElo "1687"]
[BlackElo "1816"]
[PlyCount "50"]
[EventDate "2020.08.23"]

1. e4 c5 2. Nf3 Nc6 3. d4 cxd4 4. Nxd4 Nf6 5. Nc3 d6 6. Be3 Ng4 7. Nxc6 bxc6 8.
Qd2 Nxe3 9. Qxe3 g6 10. Qd4 Rg8 11. Be2 Bg7 12. Qe3 Rb8 13. Rb1 Qa5 14. O-O Be6
15. a3 Kd7 16. Rfd1 Rb7 17. f4 Rgb8 18. e5 Rxb2 19. Rxb2 Rxb2 20. Ne4 Bd5 21.
Bg4+ Kc7 22. exd6+ exd6 23. Qd3 Qa4 24. Nc3 Bxc3 25. Qxc3 Rxc2 0-1

[Event "Veletrzni turnaj 2020"]
[Site "Brno"]
[Date "2020.08.26"]
[Round "5.13"]
[White "Doskar, Miloslav"]
[Black "Zuziak, Petr"]
[Result "1/2-1/2"]
[WhiteElo "1602"]
[BlackElo "1861"]
[PlyCount "135"]
[EventDate "2020.08.23"]

1. d4 Nf6 2. c4 c5 3. d5 b5 4. cxb5 a6 5. bxa6 g6 6. e3 Bg7 7. Nc3 O-O 8. Bd3
Nxa6 9. Nge2 Nb4 10. Bc4 Ba6 11. Bxa6 Rxa6 12. O-O Qa8 13. e4 Nxa2 14. Bd2 Rb8
15. Rb1 d6 16. f3 Nd7 17. Re1 Nb4 18. Bg5 Kf8 19. Qd2 c4 20. Bh6 Nd3 21. Bxg7+
Kxg7 22. Rf1 Qa7+ 23. Kh1 Nf2+ 24. Kg1 Nxe4+ 25. Qd4+ Qxd4+ 26. Nxd4 Nd2 27.
Ra1 Rab6 28. Rfe1 Kf6 29. Ra7 R8b7 30. Rxb7 Rxb7 31. Re2 Nb3 32. Ne4+ Kg7 33.
Nc6 Ne5 34. Nxe5 dxe5 35. Nc3 f6 36. Kf1 Nc5 37. Rc2 Nd3 38. Nd1 Rb4 39. g3 f5
40. Ke2 f4 41. g4 Nc5 42. Nc3 Nb3 43. Kf2 Nd4 44. Rd2 Nb3 45. Rc2 Nd4 46. Rd2
Rb3 47. Kg2 h6 48. h3 Kf7 49. Rf2 Ke8 50. Ne4 Rd3 51. Nd2 c3 52. bxc3 Rxc3 53.
Ne4 Rc1 54. Ra2 Nc2 55. Ra8+ Kf7 56. d6 Ne3+ 57. Kf2 Rc2+ 58. Ke1 Rc1+ 59. Ke2
exd6 60. Nxd6+ Ke6 61. Ra6 Rc2+ 62. Ke1 Rc1+ 63. Ke2 Rh1 64. Nc4+ Kd5 65. Nxe3+
fxe3 66. Kxe3 Rxh3 67. Rxg6 e4 68. Rf6 1/2-1/2

[Event "Veletrzni turnaj 2020"]
[Site "Brno"]
[Date "2020.08.26"]
[Round "5.14"]
[White "Zeman, Arnost"]
[Black "Ulcak, Michael"]
[Result "1-0"]
[WhiteElo "1842"]
[BlackElo "1552"]
[PlyCount "41"]
[EventDate "2020.08.23"]

1. c4 c6 2. Nc3 Nf6 3. e4 d5 4. cxd5 cxd5 5. e5 d4 6. Qa4+ Nc6 7. exf6 dxc3 8.
dxc3 exf6 9. Be3 g6 10. Bb5 Bd7 11. O-O-O Qc7 12. Nf3 f5 13. Bf4 Qb6 14. Rhe1+
Be6 15. Ng5 Ke7 16. Nxe6 fxe6 17. Bg5+ Kf7 18. Rd7+ Ne7 19. Bc4 Qxf2 20. Rxe6
Qg1+ 21. Re1+ 1-0

[Event "Veletrzni turnaj 2020"]
[Site "Brno"]
[Date "2020.08.26"]
[Round "5.15"]
[White "Lukas, Ondrej"]
[Black "Dvorakova, Olga"]
[Result "1/2-1/2"]
[WhiteElo "1393"]
[BlackElo "1758"]
[PlyCount "78"]
[EventDate "2020.08.23"]

1. d4 Nf6 2. c4 e6 3. Nf3 b6 4. g3 Bb7 5. Bg2 Bb4+ 6. Bd2 Bxd2+ 7. Qxd2 O-O 8.
Nc3 d6 9. O-O Ne4 10. Qc2 Nxc3 11. Qxc3 Nd7 12. Rfd1 Qe7 13. Rd2 f5 14. e3 Nf6
15. Qc2 Rad8 16. Ne1 Be4 17. Qd1 e5 18. d5 Bxg2 19. Nxg2 Ne4 20. Rd3 Ng5 21. f4
Ne4 22. Qc2 Qe8 23. Nh4 g5 24. fxg5 Qh5 25. Rf1 f4 26. exf4 exf4 27. Qd1 Qxg5
28. Rff3 Rd7 29. Ng2 Rdf7 30. Rxf4 Rxf4 31. gxf4 Rxf4 32. Qe2 Rg4 33. h3 Rf4
34. Rf3 Rxf3 35. Qxf3 Nf6 36. Qf4 Qg6 37. Kh2 Kg7 38. Qg3 Ne4 39. Qxg6+ Kxg6
1/2-1/2

[Event "Veletrzni turnaj 2020"]
[Site "Brno"]
[Date "2020.08.26"]
[Round "5.16"]
[White "Kucera, David"]
[Black "Blazek, Pavel"]
[Result "1-0"]
[WhiteElo "1388"]
[BlackElo "1740"]
[PlyCount "103"]
[EventDate "2020.08.23"]

1. d4 d5 2. Bf4 Nf6 3. e3 Bg4 4. Be2 Bxe2 5. Qxe2 c6 6. Nf3 Nbd7 7. O-O Nh5 8.
Nbd2 Nxf4 9. exf4 Qc7 10. g3 O-O-O 11. b4 e6 12. Rab1 h5 13. b5 c5 14. c4 h4
15. Nxh4 Rxh4 16. gxh4 Qxf4 17. f3 cxd4 18. cxd5 exd5 19. Nb3 Kb8 20. Rbc1 Ba3
21. Rcd1 Bc5 22. Nxc5 Nxc5 23. Qf2 Ne6 24. Qg3 Rh8 25. Qxf4+ Nxf4 26. Rfe1 d3
27. Re7 Rh6 28. Rxf7 Rg6+ 29. Kf2 Rg2+ 30. Ke3 Ng6 31. Rxd3 Nxh4 32. Rxd5 Kc8
33. Rc5+ Kd8 34. Rxb7 Rxa2 35. Rc3 Rxh2 36. Rxa7 Nf5+ 37. Kf4 Ne7 38. Rb3 Rh5
39. Rxe7 Kxe7 40. b6 Rh8 41. Kg5 Kd7 42. Kg6 Kc8 43. f4 Rf8 44. Rb4 Kb7 45.
Kxg7 Rf5 46. Kg6 Rc5 47. f5 Rc1 48. f6 Rg1+ 49. Kf5 Rf1+ 50. Rf4 Rc1 51. f7 Rc8
52. Kg6 1-0

[Event "Veletrzni turnaj 2020 "]
[Site "Brno"]
[Date "2020.08.26"]
[Round "5.17"]
[White "Peska, Jan"]
[Black "Nekvasil, Radek"]
[Result "0-1"]
[WhiteElo "1359"]
[BlackElo "1735"]
[PlyCount "38"]
[EventDate "2020.08.23"]

1. c4 c5 2. Nc3 Nc6 3. Nf3 e6 4. e3 Nf6 5. d4 d5 6. cxd5 exd5 7. dxc5 Bxc5 8.
Be2 O-O 9. O-O Bf5 10. a3 Rc8 11. Bd3 Ne4 12. Ne2 Qf6 13. Ng3 Bg6 14. Bb1 Rfd8
15. Qa4 Qe7 16. Ne2 Ne5 17. Nfd4 Qh4 18. f3 Ng5 19. Nc3 Ng4 0-1

[Event "Veletrzni turnaj 2020"]
[Site "Brno"]
[Date "2020.08.26"]
[Round "5.18"]
[White "Tajovsky, Simon"]
[Black "Lazniewska, Zofia"]
[Result "1-0"]
[WhiteElo "1624"]
[BlackElo "1217"]
[PlyCount "161"]
[EventDate "2020.08.23"]

1. d4 d5 2. c4 e6 3. Nc3 Nf6 4. Nf3 c6 5. cxd5 exd5 6. Bf4 Be7 7. e3 O-O 8. Bd3
Nbd7 9. O-O Re8 10. h3 Nf8 11. Rb1 Bd6 12. Bg5 Be7 13. b4 a6 14. a4 Ne6 15. Bh4
g6 16. Qb3 Ng7 17. b5 axb5 18. axb5 Bf5 19. Ne5 Bxd3 20. Nxd3 Nf5 21. Bg5 Nd7
22. Bxe7 Qxe7 23. Na4 Nd6 24. bxc6 bxc6 25. Nac5 Nxc5 26. Nxc5 Nc4 27. Qb7 Qxb7
28. Rxb7 Rec8 29. Rfb1 Na3 30. R1b2 Nc4 31. R2b4 Nd6 32. Rd7 Nb5 33. Nd3 f6 34.
Nf4 Ra7 35. Rxd5 cxd5 36. Rxb5 Rca8 37. Nxd5 f5 38. g4 Ra5 39. Ne7+ Kf8 40. Rb7
R8a7 41. Rxa7 Rxa7 42. Nc6 Rc7 43. Ne5 Kg7 44. g5 h6 45. h4 hxg5 46. hxg5 Rc8
47. Kg2 Rh8 48. Nf3 Re8 49. Kf1 Ra8 50. Ke2 Ra2+ 51. Nd2 Kf7 52. f3 Ke6 53. e4
fxe4 54. fxe4 Ra4 55. Ke3 Ra3+ 56. Kf4 Ra4 57. Nf3 Ke7 58. Ne5 Ra6 59. d5 Rb6
60. Ke3 Rb3+ 61. Kd4 Rb4+ 62. Kd3 Rb6 63. Kc4 Ra6 64. Kb5 Rd6 65. Nc6+ Ke8 66.
Kc5 Rd7 67. e5 Rb7 68. e6 Rc7 69. d6 Rh7 70. d7+ Rxd7 71. exd7+ Kxd7 72. Kd5
Ke8 73. Ne5 Kf8 74. Nxg6+ Kg7 75. Nf4 Kg8 76. Ke6 Kh8 77. Kf7 Kh7 78. g6+ Kh6
79. g7 Kh7 80. g8=Q+ Kh6 81. Qg6# 1-0

[Event "Veletrzni turnaj 2020"]
[Site "Brno"]
[Date "2020.08.26"]
[Round "5.19"]
[White "Mencik, Pavel"]
[Black "Habinova, Alice"]
[Result "1/2-1/2"]
[WhiteElo "1853"]
[BlackElo "1431"]
[PlyCount "93"]
[EventDate "2020.08.23"]

1. e4 e5 2. Nc3 Nf6 3. f4 d5 4. fxe5 Nxe4 5. Nf3 Nc6 6. d3 Nxc3 7. bxc3 Be7 8.
d4 Bg4 9. Bd3 Bh4+ 10. g3 Be7 11. O-O O-O 12. Rb1 Rb8 13. Qe1 h6 14. Kh1 Qd7
15. Be3 Nd8 16. Ng1 Ne6 17. h3 Bh5 18. g4 Bg6 19. Qg3 Ng5 20. Bxg5 hxg5 21. Bf5
Qe8 22. Nf3 c5 23. e6 fxe6 24. Bxe6+ Bf7 25. Bxf7+ Rxf7 26. Qe5 Qd8 27. Qe6 Qd6
28. Nxg5 Qxe6 29. Nxe6 cxd4 30. cxd4 b6 31. c3 Rc8 32. Nf4 Rxc3 33. Nxd5 Rxh3+
34. Kg2 Rd3 35. Rfe1 Bh4 36. Re8+ Kh7 37. Ne3 Rxd4 38. Kh3 Bg5 39. Nf5 Rd3+ 40.
Kg2 Rd2+ 41. Kf3 Rh2 42. Kg3 Rxa2 43. Rh1+ Kg6 44. Re6+ Rf6 45. Re7 Rf7 46.
Re6+ Rf6 47. Re7 1/2-1/2

[Event "Veletrzni turnaj 2020"]
[Site "Brno"]
[Date "2020.08.26"]
[Round "5.20"]
[White "Lazniewski, Tadeusz"]
[Black "Kacalek, Tomas"]
[Result "1-0"]
[WhiteElo "1392"]
[BlackElo "1589"]
[PlyCount "59"]
[EventDate "2020.08.23"]

1. e4 e5 2. Nf3 Nc6 3. Nc3 Nf6 4. Bb5 Nd4 5. Ba4 Bc5 6. Nxe5 Qe7 7. f4 O-O 8.
d3 d6 9. Nf3 Bg4 10. h3 Bxf3 11. gxf3 Nh5 12. h4 c6 13. a3 Ng3 14. Rh3 h5 15.
b4 Bb6 16. Bb3 Ngf5 17. Na4 Bd8 18. Bb2 Nxb3 19. cxb3 Nxh4 20. Qe2 Qe6 21. f5
Qxb3 22. f6 Ng6 23. fxg7 Re8 24. Rxh5 Bh4+ 25. Kf1 Re5 26. Bxe5 dxe5 27. Nb2
Qe6 28. Qh2 Qe7 29. Nc4 Bf6 30. Rh8+ 1-0

[Event "Veletrzni turnaj 2020"]
[Site "Brno"]
[Date "2020.08.26"]
[Round "5.21"]
[White "Hradek, Matyas"]
[Black "Vojtek, Pavel"]
[Result "1/2-1/2"]
[WhiteElo "1578"]
[BlackElo "1352"]
[PlyCount "58"]
[EventDate "2020.08.23"]

1. e4 e6 2. d4 d5 3. exd5 exd5 4. Bd3 Bd6 5. Nf3 Nf6 6. Bg5 O-O 7. O-O Re8 8.
Nbd2 Bg4 9. c3 c6 10. Qc2 h6 11. Bh4 Nbd7 12. h3 Be6 13. Bxf6 Nxf6 14. Rfe1 Qd7
15. Ne5 Qc7 16. Ndf3 Re7 17. Re3 Rae8 18. Rae1 Bc8 19. Nh4 Bxe5 20. dxe5 Rxe5
21. Rxe5 Rxe5 22. Rxe5 Qxe5 23. Nf3 Qf4 24. Qe2 Kf8 25. g3 Qc7 26. Kg2 Qe7 27.
Qd2 Qe6 28. g4 Qe7 29. Qf4 Qe8 1/2-1/2

[Event "Veletrzni turnaj 2020"]
[Site "Brno"]
[Date "2020.08.26"]
[Round "5.28"]
[White "Zamarska, Dagmar"]
[Black "Brda, Vlastimil"]
[Result "1/2-1/2"]
[WhiteElo "1524"]
[BlackElo "1211"]
[PlyCount "28"]
[EventDate "2020.08.23"]

1. d4 c6 2. c4 e6 3. Nc3 Bb4 4. e4 d5 5. e5 Ne7 6. Nf3 Nf5 7. Bd3 Na6 8. O-O
Nh4 9. Bd2 Be7 10. a3 Qb6 11. b3 Nxf3+ 12. Qxf3 Qxd4 13. Ne2 Qxe5 14. Bc3 Qg5
1/2-1/2

[Event "Veletrzni turnaj 2020"]
[Site "Brno"]
[Date "2020.08.26"]
[Round "5.30"]
[White "Tokabayev, Alibek"]
[Black "Zikan, Karel"]
[Result "1-0"]
[WhiteElo "1896"]
[BlackElo "1646"]
[PlyCount "37"]
[EventDate "2020.08.23"]

1. d4 Nf6 2. Nf3 e6 3. Bf4 d5 4. c4 Bb4+ 5. Nc3 Ne4 6. Rc1 O-O 7. e3 Nd7 8. Bd3
Ndf6 9. O-O Nxc3 10. bxc3 Bd6 11. Bg5 Be7 12. c5 c6 13. Ne5 Bd7 14. Rb1 Re8 15.
Rxb7 Bc8 16. Nxc6 Bxb7 17. Nxd8 Rexd8 18. Bxf6 Bxf6 19. Bxh7+ 1-0

[Event "Veletrzni turnaj 2020"]
[Site "?"]
[Date "2020.08.26"]
[Round "5.2"]
[White "Pokorny, Petr"]
[Black "Lukas, Frantisek"]
[Result "1/2-1/2"]
[WhiteElo "2215"]
[BlackElo "1849"]
[PlyCount "99"]
[EventDate "2020.??.??"]
[SourceDate "2020.08.26"]

1. d4 d5 2. c4 dxc4 3. Nf3 Nf6 4. e3 e6 5. Bxc4 c5 6. O-O a6 7. dxc5 Qxd1 8.
Rxd1 Bxc5 9. Nbd2 Nbd7 10. Nb3 Be7 11. Be2 b6 12. Bd2 Bb7 13. Rac1 Rc8 14.
Rxc8+ Bxc8 15. Rc1 O-O 16. Nfd4 Bd6 17. Bf3 Ne5 18. Be2 Bb7 19. f3 Rc8 20.
Rxc8+ Bxc8 21. e4 Ned7 22. Be3 Bb7 23. g3 Kf8 24. Nd2 b5 25. N4b3 Ke7 26. Kf2
Kd8 27. h4 Kc7 28. Nc1 Bc5 29. Nd3 Bxe3+ 30. Kxe3 Ng8 31. b4 Ne7 32. Nb3 Nc6
33. Nd4 e5 34. Nxc6 Kxc6 35. Bd1 f6 36. Bb3 Kd6 37. h5 h6 38. Bg8 Bc8 39. Bf7
Bb7 40. Be8 Nf8 41. Nc5 Bc8 42. Bf7 Ke7 43. Bd5 Kd6 44. Kd3 a5 45. a3 axb4 46.
axb4 Ne6 47. Bxe6 Bxe6 48. Ke3 Bf7 49. g4 Bc4 50. Nd3 1/2-1/2

[Event "Veletrzni turnaj 2020"]
[Site "Brno"]
[Date "2020.08.26"]
[Round "5.22"]
[White "Brychta, Jan"]
[Black "Marcik, Filip"]
[Result "0-1"]
[WhiteElo "1490"]
[BlackElo "1264"]
[PlyCount "51"]
[EventDate "2020.08.23"]

1. d4 d5 2. Bf4 Nf6 3. e3 Bf5 4. c3 Nbd7 5. Be2 e6 6. g4 Bg6 7. h4 h6 8. f3 Be7
9. h5 Bh7 10. Nh3 Nb6 11. Nd2 Nfd7 12. Bg3 Bh4 13. Bxh4 Qxh4+ 14. Nf2 Qe7 15.
a4 a5 16. e4 O-O 17. Bd3 e5 18. Qc2 Rfe8 19. Nb3 c5 20. dxc5 Nxc5 21. Nxc5 Qxc5
22. Bb5 Re7 23. Nd3 Qc7 24. O-O dxe4 25. fxe4 f6 26. b4 0-1

[Event "Veletrzni turnaj 2020"]
[Site "Brno"]
[Date "2020.08.26"]
[Round "5.23"]
[White "Hayrumyan, Artur"]
[Black "Soucek, Andrej"]
[Result "1-0"]
[WhiteElo "1481"]
[BlackElo "1098"]
[PlyCount "57"]
[EventDate "2020.08.23"]

1. e4 c5 2. Nf3 Nc6 3. d4 cxd4 4. Nxd4 g6 5. Bf4 Bg7 6. Nxc6 bxc6 7. Nc3 Nf6 8.
Bc4 O-O 9. O-O Nh5 10. Be3 e6 11. f4 d5 12. g4 Nf6 13. e5 Nd7 14. Be2 f6 15.
exf6 Qxf6 16. g5 Qe7 17. Na4 e5 18. fxe5 Qxe5 19. Qd2 d4 20. Bc4+ Kh8 21. Rxf8+
Nxf8 22. Bf4 Qf5 23. Rf1 Bb7 24. Qb4 Qg4+ 25. Bg3 d3 26. cxd3 Qd4+ 27. Kh1 c5+
28. Qxb7 Rd8 29. Qe7 1-0

[Event "Veletrzni turnaj"]
[Site "?"]
[Date "2020.08.24"]
[Round "3.30"]
[White "Tokabayev, Alibek"]
[Black "Vyskocil, Neklan"]
[Result "0-1"]
[WhiteElo "1896"]
[BlackElo "2294"]
[PlyCount "52"]
[EventDate "2020.??.??"]
[SourceDate "2020.08.24"]

1. d4 f5 2. e4 fxe4 3. Nc3 Nf6 4. Bg5 c6 5. Bxf6 exf6 6. Nxe4 d5 7. Ng3 Qb6 8.
Bd3 Qxb2 9. N1e2 Bb4+ 10. Kf1 Bd6 11. Nf5 Bxf5 12. Bxf5 Qb6 13. Ng3 Kd8 14. Rb1
Qc7 15. Bd3 g6 16. Qf3 f5 17. Ne2 Nd7 18. h4 h5 19. g3 Nf6 20. Qe3 Qf7 21. Qg5
Kc7 22. f3 Ne4 23. Bxe4 fxe4 24. f4 Raf8 25. c4 Qe6 26. g4 hxg4 0-1

[Event "Veletrzni turnaj 2020"]
[Site "Brno"]
[Date "2020.08.27"]
[Round "6.1"]
[White "Vyskočil, Neklan"]
[Black "Mares, Jaroslav"]
[Result "1-0"]
[WhiteElo "2294"]
[BlackElo "1947"]
[PlyCount "103"]
[EventDate "2020.08.23"]

1. d4 d5 2. c4 e6 3. Nc3 Nf6 4. Nf3 Be7 5. Bf4 c6 6. e3 b6 7. Ne5 O-O 8. cxd5
Nxd5 9. Bg3 c5 10. Nxd5 exd5 11. a3 f6 12. Nf3 Be6 13. dxc5 bxc5 14. Be2 Qb6
15. Qc2 Nc6 16. O-O Rac8 17. Rac1 g6 18. Rfd1 Rfd8 19. h3 Na5 20. Nd2 Nb7 21.
e4 Kg7 22. exd5 Bxd5 23. Bc4 Bxc4 24. Nxc4 Rxd1+ 25. Rxd1 Qe6 26. Qa4 Rd8 27.
Rxd8 Nxd8 28. Qxa7 Nc6 29. Qc7 Qxc4 30. Qxc6 Qc1+ 31. Kh2 Qxb2 32. a4 Qa2 33.
Qc7 Kf8 34. a5 c4 35. Qc8+ Kf7 36. a6 c3 37. Bb8 c2 38. a7 h5 39. Qc6 g5 40.
Qc8 Bf8 41. Qc6 Be7 42. Qc8 Bf8 43. h4 Be7 44. hxg5 fxg5 45. Qc6 Bf6 46. Qb7+
Kg6 47. Qe4+ Kg7 48. Qb7+ Kg6 49. Qc8 Kf7 50. f4 gxf4 51. Qb7+ Kf8 52. a8=Q 1-0

[Event "Veletrzni turnaj 2020"]
[Site "Brno"]
[Date "2020.08.27"]
[Round "6.2"]
[White "Vavrinkova, Anna"]
[Black "Meszaros, Ludek"]
[Result "0-1"]
[WhiteElo "1657"]
[BlackElo "2067"]
[PlyCount "108"]
[EventDate "2020.08.23"]

1. e4 e5 2. Nf3 Nc6 3. Bb5 a6 4. Ba4 Nf6 5. O-O Be7 6. d3 d6 7. h3 b5 8. Bb3
Na5 9. c3 Nxb3 10. axb3 O-O 11. Re1 h6 12. Nbd2 Re8 13. b4 Bf8 14. Nf1 g6 15.
Ng3 Bg7 16. Qe2 Bb7 17. Qc2 d5 18. Be3 Kh7 19. Rad1 Nd7 20. Qb3 c6 21. Qc2 Qc7
22. h4 c5 23. bxc5 Nxc5 24. h5 Rad8 25. Nh4 d4 26. cxd4 exd4 27. Bd2 Rc8 28.
Rc1 Qb6 29. Qb1 b4 30. f4 a5 31. Rcd1 Ba6 32. Bc1 Qb5 33. hxg6+ fxg6 34. f5 g5
35. Nf3 Qb8 36. Kf2 Be5 37. Nh5 Nd7 38. Rh1 Kg8 39. Qa2+ b3 40. Qxa5 Rc2+ 41.
Rd2 Qb5 42. Qxb5 Bxb5 43. Rxc2 bxc2 44. Nxe5 Rxe5 45. Ke2 Rxe4+ 46. Kd2 Rg4 47.
g3 Kf7 48. Kxc2 Nc5 49. Kd2 Nxd3 50. b3 Nc5 51. b4 Ne4+ 52. Kc2 d3+ 53. Kb1 d2
54. Bb2 Nf2 0-1

[Event "Veletrzni turnaj 2020"]
[Site "Brno"]
[Date "2020.08.27"]
[Round "6.4"]
[White "Lukas, Frantisek"]
[Black "Glozar, Petr"]
[Result "0-1"]
[WhiteElo "1849"]
[BlackElo "2010"]
[PlyCount "82"]
[EventDate "2020.08.23"]

1. d4 Nf6 2. c4 g6 3. Nc3 d5 4. Nf3 Bg7 5. Bg5 dxc4 6. e4 c5 7. d5 Qa5 8. Bxf6
Bxf6 9. e5 Bg7 10. Bxc4 O-O 11. h3 Nd7 12. Qe2 a6 13. O-O b5 14. Bb3 c4 15. Bc2
e6 16. dxe6 fxe6 17. Be4 Rb8 18. Bc6 Nc5 19. Ne4 Nd3 20. Nd6 Qb6 21. Nxc8 Rbxc8
22. Be4 Nc5 23. Bc2 Rcd8 24. Rad1 Rf7 25. h4 Rfd7 26. h5 gxh5 27. Ng5 Nd3 28.
Qxh5 h6 29. Bxd3 cxd3 30. Nf3 d2 31. Qg4 Kh8 32. Qb4 a5 33. Qf4 Qc6 34. Rxd2
Rxd2 35. Nxd2 Qc2 36. Ne4 Qxb2 37. Nd6 Rf8 38. Nf7+ Kh7 39. Rd1 Qxa2 40. Rd7
Qb1+ 41. Kh2 Qg6 0-1

[Event "Veletržní turnaj 2020"]
[Site "Brno"]
[Date "2020.08.27"]
[Round "6.5"]
[White "Pelikán, Jaromír"]
[Black "Stehlík, Jiří"]
[Result "1/2-1/2"]
[WhiteElo "1788"]
[BlackElo "1945"]
[PlyCount "55"]
[EventDate "2020.08.23"]

1. d4 Nf6 2. Nf3 d6 3. c4 c6 4. Nc3 Bf5 5. g3 h6 6. Bg2 Nbd7 7. O-O e5 8. dxe5
dxe5 9. b3 Be7 10. Re1 O-O 11. e4 Bg4 12. Qc2 Bxf3 13. Bxf3 Nc5 14. Bb2 Ne6 15.
Ne2 Qc7 16. Rad1 Rfd8 17. Bg2 a5 18. Rxd8+ Rxd8 19. Rd1 Rxd1+ 20. Qxd1 Bc5 21.
h3 Nd7 22. Nc1 Bd4 23. Bxd4 Nxd4 24. Nd3 Qd6 25. h4 Nc5 26. Nxc5 Qxc5 27. Bf3
Qd6 28. Bg2 1/2-1/2

[Event "Veletrzni turnaj 2020"]
[Site "Brno"]
[Date "2020.08.27"]
[Round "6.6"]
[White "Tajovsky, Matěj"]
[Black "Wunsch, Radek"]
[Result "1-0"]
[WhiteElo "1816"]
[BlackElo "1902"]
[PlyCount "65"]
[EventDate "2020.08.23"]

1. e4 Nc6 2. Nf3 e5 3. Nc3 Nf6 4. Bb5 Bd6 5. O-O O-O 6. d3 h6 7. a4 Re8 8. Re1
a6 9. Bc4 Bb4 10. Bd2 d6 11. Ne2 Bxd2 12. Qxd2 Bg4 13. Ng3 Bxf3 14. gxf3 Nd4
15. Kg2 d5 16. Ba2 Qd7 17. Rg1 Nh7 18. f4 exf4 19. Qxf4 Ng5 20. Bxd5 c6 21. Ba2
Qh3+ 22. Kh1 Ndf3 23. Rg2 Nh4 24. Rag1 Nxg2 25. Rxg2 Ne6 26. Qd2 Kh7 27. Nf5
Qf3 28. Kg1 Ng5 29. Rxg5 hxg5 30. Qxg5 Qd1+ 31. Kg2 Rg8 32. Bxf7 Raf8 33. Qh4+
1-0

[Event "Veletrzni turnaj 2020"]
[Site "Brno"]
[Date "2020.08.27"]
[Round "6.7"]
[White "Simbera, Jiri"]
[Black "Kucera, David"]
[Result "1/2-1/2"]
[WhiteElo "2038"]
[BlackElo "1388"]
[PlyCount "60"]
[EventDate "2020.08.23"]

1. f4 e6 2. Nf3 d5 3. e3 c5 4. b3 b6 5. Bb5+ Bd7 6. Bxd7+ Nxd7 7. Bb2 Ngf6 8.
O-O Bd6 9. a4 Qc7 10. Na3 a6 11. c4 O-O 12. Rc1 Qb7 13. Ne5 Ne8 14. Qf3 Bxe5
15. fxe5 f6 16. Qh3 f5 17. g4 g6 18. gxf5 gxf5 19. Rf4 Rf7 20. Kf2 Nf8 21. Rg1+
Rg7 22. Rxg7+ Qxg7 23. Rf3 dxc4 24. bxc4 Qd7 25. Bc3 Qxa4 26. Rxf5 exf5 27.
Qg2+ Ng7 28. Qxa8 Qxa3 29. e6 Ngxe6 30. Qg2+ Kf7 1/2-1/2

[Event "Veletrzni turnaj 2020"]
[Site "Brno"]
[Date "2020.08.27"]
[Round "6.8"]
[White "Nekvasil, Radek"]
[Black "Pokladnik, Martin"]
[Result "1/2-1/2"]
[WhiteElo "1735"]
[BlackElo "2001"]
[PlyCount "119"]
[EventDate "2020.08.23"]

1. Nf3 Nf6 2. c4 e6 3. Nc3 d5 4. e3 Be7 5. Be2 O-O 6. O-O b6 7. cxd5 exd5 8. d4
Be6 9. b3 Nbd7 10. a4 Bb4 11. Qc2 Qe7 12. Na2 Bd6 13. b4 c5 14. bxc5 bxc5 15.
Ba3 Ne4 16. Nc3 Nxc3 17. Qxc3 Bf5 18. dxc5 Nxc5 19. Bb2 f6 20. Nd4 Bd7 21. Bf3
Kh8 22. Nb5 Nxa4 23. Qa5 Bxb5 24. Qxb5 Nxb2 25. Qxb2 Be5 26. Qa3 Qc7 27. Rfc1
Qf7 28. Qa5 Rad8 29. Rab1 Rd7 30. Rb5 d4 31. exd4 Bxd4 32. Bd5 Qe7 33. Re1 Qd6
34. Re6 Qf4 35. Qe1 Be5 36. g3 Qd4 37. Bb3 h6 38. Rb4 Qc5 39. Rc4 Qb5 40. Rb4
Qd3 41. Rc6 Bd4 42. Bc2 Qa3 43. Bf5 Rd5 44. Qe7 Bxf2+ 45. Kg2 Rxf5 46. Qxf8+
Kh7 47. Rbc4 Bc5 48. Qc8 Qf3+ 49. Kh3 Qf1+ 50. Kh4 g5+ 51. Kg4 h5+ 52. Kxh5 g4+
53. Kxg4 Qf3+ 54. Kh3 Rh5+ 55. Rh4 Qf1+ 56. Kg4 Qe2+ 57. Kh3 Qf1+ 58. Kg4 Qe2+
59. Kh3 Qf1+ 60. Kg4 1/2-1/2

[Event "Veletrzni turnaj 2020"]
[Site "Brno"]
[Date "2020.08.27"]
[Round "6.9"]
[White "Pribyl, Rene"]
[Black "Dvoracek, Jan Matyas"]
[Result "1/2-1/2"]
[WhiteElo "1950"]
[BlackElo "1761"]
[PlyCount "41"]
[EventDate "2020.08.23"]

1. d4 Nf6 2. c4 g6 3. Nc3 Bg7 4. e4 d6 5. f4 O-O 6. Nf3 c5 7. Be3 Nbd7 8. d5 a6
9. Be2 Rb8 10. a4 Qb6 11. Qc2 e6 12. dxe6 fxe6 13. O-O Ng4 14. Bd2 Bd4+ 15.
Nxd4 cxd4 16. a5 Qa7 17. Kh1 dxc3 18. Bxg4 Nf6 19. Bxe6+ Bxe6 20. Bxc3 Qc5 21.
b3 1/2-1/2